| 000 | 01053cam a22002651a 4500 | ||
|---|---|---|---|
| 999 |
_c7389 _d7389 |
||
| 003 | EG-ScBUE | ||
| 005 | 20200122151448.0 | ||
| 008 | 110905s1958 ua f b 000 1 ara d | ||
| 040 |
_aEG-ScBUE _bara _erda _cEG-ScBUE _dEG-ScBUE |
||
| 082 | 0 | 4 |
_a892.7109 _bخ ف ا _222 |
| 100 | 1 |
_aخفاجي، محمد عبد المنعم، _d1915-2006، _eمؤلف. _913834 |
|
| 245 | 1 | 2 |
_aالحياة الأدبية في العصر الجاهلي / _cمحمد عبد المنعم خفاجي. |
| 250 | _aالطبعة الثانية. | ||
| 264 | 1 |
_aالقاهرة : _bدار الطباعة المحمدية، _c1958. |
|
| 300 |
_a503 صفحة ؛ _c24 سم |
||
| 336 |
_2rdacontent _aنص _btxt |
||
| 337 |
_2rdamedia _aبدون وسيط _bn |
||
| 338 |
_2rdacarrier _aمجلد _bnc |
||
| 504 | _aيشتمل على إرجاعات ببليوجرافية. | ||
| 590 | _aeman | ||
| 650 | 7 |
_aالأدب العربي _xتاريخ _yالعصر الجاهلي. _2BUEsh _921664 |
|
| 653 |
_bARALIT _cJanuary2020 |
||
| 655 | _vReading book | ||
| 942 |
_cBB _k892.7109 خ ف ا _2ddc |
||